| 000 | 00518nam a22001577a 4500 | ||
|---|---|---|---|
| 008 | 160416b xxu||||| |||| 00| 0 eng d | ||
| 082 |
_22007 _aUT 0078 _bP19 |
||
| 100 |
_95843 _aPaquera, Dennis A. |
||
| 245 |
_aShift clinical performance in the hospital of BSN students/ _cDennis A. Paquera |
||
| 260 |
_aDigos City: _bUMDC _cOctober 2004. |
||
| 300 |
_a35 pages; _c28 cm. |
||
| 650 | 0 |
_95844 _aNursing _yUndergraduate thesis. |
|
| 700 |
_95845 _aMahinay, Verlyn S. |
||
| 700 |
_95846 _aRoble, Jecelyn Y. |
||
| 942 |
_2ddc _cUT |
||
| 999 |
_c1839 _d1839 |
||